|
|
|
|
| LEADER |
00635nam a22001931a 4500 |
| 020 |
|
|
|a 9788189918460
|c 0.00
|
| 040 |
|
|
|a SSUS - Library - Kalady
|
| 082 |
|
|
|a H301 09
|b KRI/K
|
| 100 |
|
|
|a Krishna Mohan
|
| 245 |
|
|
|a Kahani samay
|h [Text]
|
| 260 |
|
|
|a New Delhi
|b Shilpayan
|c 2010
|
| 300 |
|
|
|a 234p.
|
| 600 |
|
|
|a Literature Hindi
|
| 600 |
|
|
|a Literature
|
| 600 |
|
|
|a Stories Hindi Criticism
|
| 852 |
|
|
|h H301 09
|i KRI/K
|p 060952
|9 350.00
|t 0
|
| 942 |
|
|
|c BK
|
| 999 |
|
|
|c 22380
|d 22380
|
| 952 |
|
|
|0 0
|1 0
|4 0
|6 H_301_090000000000000_KRI_K
|7 0
|9 31473
|a SSUS
|b SSUS
|d 2015-01-08
|g 350.00
|l 11
|m 1
|o H301 09 KRI/K
|p 060952
|r 2019-12-31
|s 2019-11-06
|v 0.00
|w 2015-01-08
|y BK
|